| 000 | 00429nam a2200169Ia 4500 | ||
|---|---|---|---|
| 008 | 230711s9999||||xx |||||||||||||| ||und|| | ||
| 020 | _a978-81-8320-412-5 | ||
| 041 | _aENG | ||
| 082 |
_a387.7023 _bSO-C |
||
| 100 | _aSonie,Subhash C | ||
| 245 | 0 |
_aCareers in Aviation _bInstitutes/Coures/Jobs |
|
| 250 | _a6th Ed. | ||
| 260 |
_c2014 _aDelhi _bStudent Aid Puclications |
||
| 300 | _a176p. | ||
| 650 | _aLiterature | ||
| 942 | _cBK | ||
| 999 |
_c6825 _d6825 |
||